Statistics for Lord of the Rings Characters by Quote

Click here to take the quiz!

General Stats

  • This quiz has been taken 19 times
  • The average score is 12 of 18

Answer Stats

QuoteCharacter% Correct
"Nine companions. You shall be the Fellowship of the Ring."Elrond
93%
"Even the smallest person can change the course of the future"Galadriel
93%
“My precious!"Gollum/Smeagol
93%
“There’s some good in this world, Mr. Frodo… and it’s worth fighting for.”Samwise Gamgee
93%
“It is a strange fate that we should suffer so much fear and doubt over so small a thing … such a little thing.”Boromir
87%
“That still only counts as one!"Gimli
87%
"You can not hide, I see you! There is no life after me. Only death!"Sauron
87%
“All we have to decide is what to do with the time that is given us.”Gandalf
80%
“He stands not alone. You would die before your stroke fell."Legolas
80%
"The old world will burn in the fires of industry. The forests will fall. A new order will rise."Saruman
80%
"Your time will come. You will face the same evil, and you will defeat it."Arwen
67%
"Deeds will not be less valiant because they are upraised"Aragorn
60%
"Not all those who wander are lost"Bilbo Baggins
60%
"You have no authority here! Your orders mean nothing!"Eomer
53%
“In this hour, I do not believe that any darkness will endure.”Faramir
53%
"It is useless to meet revenge with revenge. It will heal nothing."Frodo Baggins
53%
"All's well as ends better"Hamfast Gamgee
20%
“Courage is found in unlikely places.”Gildor
7%

Score Distribution

Percentile by Number Answered

Percent of People with Each Score

Your Score History

You have not taken this quiz